Pokémon regional pokédex: Hoenn - Statistics

General Stats
  • This quiz has been taken 235 times
  • The average score is 185 of 211
Answer Stats
# Pokémon % Correct
6 Blaziken
97%
7 Mudkip
97%
4 Torchic
97%
1 Treecko
97%
211 Deoxys
96%
208 Groudon
96%
207 Kyogre
96%
209 Rayquaza
96%
9 Swampert
96%
74 Aggron
95%
72 Aron
95%
196 Bagon
95%
199 Beldum
95%
102 Carvanha
95%
5 Combusken
95%
2 Grovyle
95%
210 Jirachi
95%
77 Machamp
95%
76 Machoke
95%
8 Marshtomp
95%
201 Metagross
95%
83 Minun
95%
163 Pikachu
95%
82 Plusle
95%
198 Salamence
95%
3 Sceptile
95%
103 Sharpedo
95%
25 Taillow
95%
16 Beautifly
93%
36 Breloom
93%
17 Cascoon
93%
18 Dustox
93%
80 Electrike
93%
31 Gardevoir
93%
50 Hariyama
93%
30 Kirlia
93%
205 Latias
93%
206 Latios
93%
13 Linoone
93%
20 Lombre
93%
19 Lotad
93%
21 Ludicolo
93%
75 Machop
93%
49 Makuhita
93%
81 Manectric
93%
71 Mawile
93%
79 Medicham
93%
78 Meditite
93%
200 Metang
93%
11 Mightyena
93%
10 Poochyena
93%
164 Raichu
93%
29 Ralts
93%
203 Regice
93%
202 Regirock
93%
204 Registeel
93%
70 Sableye
93%
35 Shroomish
93%
15 Silcoon
93%
39 Slaking
93%
37 Slakoth
93%
26 Swellow
93%
14 Wurmple
93%
12 Zigzagoon
93%
152 Banette
92%
154 Dusclops
92%
145 Feebas
92%
54 Gyarados
92%
73 Lairon
92%
53 Magikarp
92%
146 Milotic
92%
23 Nuzleaf
92%
28 Pelipper
92%
98 Roselia
92%
22 Seedot
92%
197 Shelgon
92%
24 Shiftry
92%
110 Torkoal
92%
38 Vigoroth
92%
104 Wailmer
92%
105 Wailord
92%
27 Wingull
92%
40 Abra
91%
42 Alakazam
91%
153 Duskull
91%
48 Exploud
91%
41 Kadabra
91%
47 Loudred
91%
61 Nosepass
91%
162 Pichu
91%
151 Shuppet
91%
120 Skarmory
91%
119 Spinda
91%
121 Trapinch
91%
122 Vibrava
91%
184 Walrein
91%
46 Whismur
91%
127 Altaria
89%
124 Cacnea
89%
125 Cacturne
89%
107 Camerupt
89%
134 Corphish
89%
123 Flygon
89%
58 Geodude
89%
180 Glalie
89%
60 Golem
89%
59 Graveler
89%
90 Illumise
89%
192 Luvdisc
89%
84 Magnemite
89%
85 Magneton
89%
43 Nincada
89%
44 Ninjask
89%
106 Numel
89%
45 Shedinja
89%
179 Snorunt
89%
182 Spheal
89%
126 Swablu
89%
57 Azumarill
88%
55 Azurill
88%
136 Baltoy
88%
147 Castform
88%
185 Clamperl
88%
137 Claydol
88%
135 Crawdaunt
88%
67 Crobat
88%
88 Electrode
88%
66 Golbat
88%
187 Gorebyss
88%
186 Huntail
88%
150 Kecleon
88%
130 Lunatone
88%
109 Magcargo
88%
56 Marill
88%
188 Relicanth
88%
183 Sealeo
88%
129 Seviper
88%
108 Slugma
88%
131 Solrock
88%
89 Volbeat
88%
87 Voltorb
88%
128 Zangoose
88%
65 Zubat
88%
159 Absol
87%
141 Armaldo
87%
64 Delcatty
87%
63 Skitty
87%
140 Anorith
86%
132 Barboach
86%
51 Goldeen
86%
138 Lileep
86%
34 Masquerain
86%
117 Sandshrew
86%
118 Sandslash
86%
52 Seaking
86%
33 Surskit
86%
68 Tentacool
86%
69 Tentacruel
86%
156 Tropius
86%
133 Whiscash
86%
139 Cradily
84%
193 Horsea
84%
195 Kingdra
84%
194 Seadra
84%
167 Wynaut
84%
113 Koffing
83%
114 Weezing
83%
168 Wobbuffet
83%
97 Budew
82%
111 Grimer
82%
100 Gulpin
82%
112 Muk
82%
62 Probopass
82%
99 Roserade
82%
158 Chimecho
80%
155 Dusknoir
80%
32 Gallade
80%
116 Grumpig
80%
86 Magnezone
80%
161 Ninetales
80%
115 Spoink
80%
101 Swalot
80%
160 Vulpix
80%
181 Froslass
79%
175 Heracross
78%
92 Gloom
76%
91 Oddish
76%
177 Rhydon
76%
176 Rhyhorn
76%
93 Vileplume
76%
174 Pinsir
75%
190 Chinchou
74%
143 Jigglypuff
74%
191 Lanturn
74%
149 Starmie
74%
148 Staryu
74%
144 Wigglytuff
74%
142 Igglybuff
72%
94 Bellossom
71%
157 Chingling
70%
173 Donphan
68%
172 Phanpy
68%
178 Rhyperior
68%
169 Natu
67%
170 Xatu
67%
171 Girafarig
66%
166 Golduck
66%
165 Psyduck
66%
189 Corsola
64%
96 Dodrio
61%
95 Doduo
61%
No matching quizzes found
Score Distribution
Percent of People with Each Score
Percentile by Number Answered
Your Score History
You have not taken this quiz